000 00672nam a2200229Ia 4500
003 OSt
005 20220918230834.0
006 a|||||r|||| 00| 0
007 ta
008 220917b |||||||| |||| 00| 0 eng d
024 _a260,464
037 _cTextual
040 _aARTS
_cARTS
_beng
041 _2eng
_aeng
082 _aV3:190591:M9, G5;1
100 _aSeton-Watson R W
245 0 _aDisraeli, gladstone and the eastern question
_b study in diplomacy and party politics
260 _aLondon
_bFrank Cass and Co.
_c1962
650 _aHISTORY
942 _hV3:190591:M9, G5;1
_cTEXL
_2CC
999 _c289081
_d289081